Normal view
MARC view
Entry Personal Name
001 - CONTROL NUMBER
- control field: 872389
003 - CONTROL NUMBER IDENTIFIER
- control field: OSt
005 - DATE AND TIME OF LATEST TRANSACTION
- control field: 20260114185627.0
008 - FIXED-LENGTH DATA ELEMENTS
- fixed length control field: 260114|| aca||aabn | a|a d
040 ## - CATALOGING SOURCE
- Original cataloging agency: OSt
- Transcribing agency: OSt
100 ## - HEADING--PERSONAL NAME
- Personal name: Evangeline Bute and H.J.P. Harmer
670 ## - SOURCE DATA FOUND
- Source citation: Work cat.: (OSt)1471337: Evangeline Bute and H.J.P. Harmer, The Black Handbook The People, History and Politics of Africa and the African Diaspora, 2016
